000 00596nam a2200217Ia 4500
008 101110s9999 xx 000 0 und d
041 _aMARATHI
082 _bSR27648
100 _aKshyap Mangesh (Anuvad)
245 _aAarogyasathi yog yogshatrache shashtrashudha niyam
260 _c2005
_bMehta Publishing, Pune
300 _a94
365 _b80
520 _aSports
546 _aMARATHI
630 _aAarogyasathi yog yogshatrache shashtrashudha niyam
650 _aSports
655 _aSports
730 _aAarogyasathi yog yogshatrache shashtrashudha niyam
942 _cBOOK
999 _c820200
_d820197